| 000 | 01038nmm a2200277 a 4500 | ||
|---|---|---|---|
| 001 | ocm000702492 | ||
| 003 | TR-IsHL | ||
| 005 | 20201028132048.0 | ||
| 008 | 131028s2003 tu tur | ||
| 007 | cr cn | ||
| 035 |
_a702492 _b(N$T) |
||
| 050 | 0 | 4 |
_aKKX517.5 _b.T83 2003 |
| 090 | 0 | 4 |
_aKKX517.5 _b.T83 2003 |
| 245 | 1 | 0 |
_aTÜBAKKOM: Türkiye Barolar Birliği kadın hukuku komisyonu 4. Kitap, 4. Dönem çalışmaları, 12 Mayıs 2002 - 25 Mayıs 2003 _h[electronic resource] / _cyay. haz. Nilgün Berk |
| 260 |
_aAnkara : _bTürkiye Barolar Birliği, _c2003 |
||
| 300 | _a276 p. | ||
| 650 | 4 | _aDil ve Edebiyat | |
| 650 | 4 | _aLanguage and Literature | |
| 650 | 0 |
_aKadınlar _x Hukuki durum, yasalar vb. _x Türkiye |
|
| 650 | 0 |
_aWomen _x Legal Status, Laws, etc. _x Turkey |
|
| 650 | 0 | _aKadın hakları | |
| 650 | 0 | _aWomen's rights | |
| 650 | 7 |
_aSOCIAL SCIENCE / Women's Studies _2bisacsh |
|
| 700 | 1 | _aBerk, Nilgün | |
| 856 | 4 | 0 | _uhttp://search.ebscohost.com/login.aspx?direct=true&scope=site&db=e011xww&AN=702492 |
| 999 |
_c4893 _d4893 |
||